Statistics for Best soccer players of the country E-K

Click here to take the quiz!

General Stats

  • This quiz has been taken 269 times
    (257 since last reset)
  • The average score is 12 of 21

Answer Stats

Country Answer % Correct
EnglandJoe Hart / Harry Kane / Daniel Sturridge / Wayne Rooney / Chris Smalling / John Terry
98%
EgyptMohamed Salah
93%
GermanyManuel Neuer
89%
GabonPierre-Emerick Aubameyang
85%
ItalyGianluigi Buffon / Giorgio Chiellini
83%
EcuadorAntonio Valencia / Christian Noboa
82%
Ivory CoastYaya Touré
76%
GreeceSokratis / Kostas Manolas
73%
JapanShinji Kagawa
72%
IcelandGylfi Sigurdsson
68%
EstoniaRagnar Klavan
54%
GhanaAndré Ayew / Kwadwo Asamoah
52%
KenyaVictor Wanyama
49%
FinlandRoman Eremenko
43%
GeorgiaGuram Kashia
25%
GambiaModou Barrow
24%
HondurasAndy Najar
23%
IsraelBibras Natcho / Lior Refaelov
23%
GuineaIbrahima Traoré
21%
KosovoMilot Rashica
21%
HungaryNemanja Nikolic
18%

Score Distribution

Percentile by Number Answered

Percent of People with Each Score

Your Score History

You have not taken this quiz since the last reset